000 00633nam a2200193Ia 4500
003 OSt
005 20260218102020.0
020 _a0-435-28006-6
040 _cLC
050 _aPE 1128 .A2 C 86 1988
100 _aCUNNINGSWORTH ,ALAN
245 0 _aEVALUATING AND SELECTING EFL TEACHING MATERIALS: WITH A GLOSSARY OF BASIC EFL TERMS
260 _aLONDON,
_bHEINEMANN EDUCATIONAL BOOKS,
_c1988,
300 _a104 P, ILL
500 _aINCLUDES BIBLIOGRAPHICAL REFERENCES AND INDEX
650 _a1.ENGLISH LANGUAGE-STUDY AND TEACHING-FOREIGN SPEAKERS 2. TEACHING-AIDS AND DEVICES
700 _aTOMLINSON BRIAN
942 _cBK
_2lcc
999 _c173753
_d173753